[Event "Pere Noel CEH 2017 (Open)"]
[Site "Gatineau"]
[Date "2018.01.09"]
[Round "4"]
[White "Rioux Jocelyn"]
[Black "Seguin Hubert"]
[Result "0-1"]
[BlackElo "1588"]
[EventDate "2017.12.19"]
[WhiteElo "1625"]

1. e4 c5 2. Nf3 d6 3. d4 cxd4 4. Nxd4 Nf6 5. Nc3 Nc6 6. Be2 g6 7. Be3 Bg7 8.  Qd3 O-O 9. O-O a6 10. h3 Nxd4 11. Bxd4 e5 12. Be3 Qe7 13. Bb6 Be6 14. Rad1  Ne8 15. a4 Rc8 16. a5 Rc6 17. b4 Bc4 18. Qd2 Bxe2 19. Nd5 Qe6 20. Qxe2 f5 21.  f3 Nf6 22. Rd2 Rfc8 23. Qd3 Bh6 24. Re2 Rc4 25. Qb3 Nxd5 26. exd5 Qxd5 27. c3  Qd3 28. Qd1 Qxd1 29. Rxd1 R8c6 30. Rc2 Kf7 31. Rd3 Ke6 32. Kf2 Rxb4 33. cxb4  Rxc2+ 34. Ke1 Rc1+ 35. Kf2 Rc4 36. Rb3 d5 37. b5 d4 38. bxa6 bxa6 39. Ba7 Kd5  40. Rb8 Rc2+ 41. Kf1 Kc4 42. Rb6 Kd3 43. Rxa6 Be3 44. g3 Rf2+ 45. Kg1 Rxf3+  46. Kg2 Rf2+ 47. Kh1 Ke2 48. Rc6 Kf3 49. Rc1 Bxc1 50. Kg1 Re2 51. Bb6 d3 52.  a6 d2 53. Kh1 d1=Q+ 54. Bg1 Be3 0-1

[Event "Pere Noel CEH 2017 (B)"]
[Site "Gatineau"]
[Date "2018.01.09"]
[Round "4"]
[White "Lecorre Joel"]
[Black "Sabourin Yves"]
[Result "1-0"]
[BlackElo "1485"]
[EventDate "2018.01.09"]
[WhiteElo "1487"]

1. e4 e5 2. Bc4 Nf6 3. d4 Nc6 4. d5 Ne7 5. Nc3 Ng6 6. Nf3 d6 7. h3 Be7 8. Be3   Nd7 9. Qd2 O-O 10. g4 Nh4 11. Nxh4 Bxh4 12. O-O-O Nb6 13. Bb3 Bd7 14. f4 Bg3   15. Ne2 exf4 16. Bxf4 Bxf4 17. Nxf4 Re8 18. Rde1 Bb5 19. h4 Qf6 20. g5 Qe5 21.   Rhg1 Nc4 22. Bxc4 Bxc4 23. Kb1 Re7 24. h5 g6 25. hxg6 hxg6 26. Qh2 Qh8 27. Qg2   Kf8 28. Rh1 Qg7 29. Rh2 Re5 30. Rh6 Ke7 31. Reh1 Rg8 32. Nxg6+ Qxg6 33. Rxg6   Rxg6 34. Rg1 Bb5 35. Qg4 Bd7 36. Qf4 c6 37. c4 cxd5 38. cxd5 Bb5 39. Rg3 Be8   40. Kc2 f6 41. gxf6+ Rxf6 42. Rg7+ Bf7 43. Qe3 b6 44. Rg5 Rxg5 45. Qxg5 Bg6 46.   Kd3 Kf7 47. Ke3 Rf1 48. Qg3 Rf6 49. Qg4 Ke7 50. Qc8 Bh5 51. Qc7+ Kf8 52. e5   Rf3+ 53. Ke4 Rf1 54. Qxd6+ Kg7 55. Qd7+ Kg6 56. Qe6+ Kg5 57. Qe7+ Kg4 58. Qg7+   Kh4 59. d6 Re1+ 60. Kd5 Bg4 61. Kc6 Bf3+ 62. Kc7 Rc1+ 63. Kd8 Bg4 64. Qh6+ Kg3   65. Qxc1  1-0

[Event "Pere Noel CEH 2017 (B)"]
[Site "Gatineau"]
[Date "2018.01.09"]
[Round "4"]
[White "Vezina Yannick"]
[Black "Masse-Garneau Anthony"]
[Result "1-0"]
[BlackElo "1442"]
[EventDate "2018.01.09"]
[WhiteElo "1473"]

1.d4 Nf6 2.c4 e6 3.g3 Bb4+ 4.Bd2 Be7 5.Bg2 d5 6.Bf4 c6 7.Nd2 O-O 8.f3 dxc4  9.Nxc4 Bb4+ 10.Kf2 Nd5 11.Nh3 Nxf4 12.Nxf4 Nd7 13.Nd3 Be7 14.Rf1 Nb6 15.Nde5  f6 $19 16.Nxb6 Qxb6 ( 16...axb6 $1 17.Nc4 b5 18.Ne3 e5 19.dxe5 Bc5 ) 17.Nc4  Qc7 18.e4 Rd8 19.f4 Bc5 20.Qb3 Bxd4+ 21.Ke2 Kh8 22.Rad1 b5 23.Nd2 Ba6 24.Qxe6  Bxb2 25.Rf3 b4+ 26.Ke1 Bc3 27.a3 Rd6 28.Qa2 Rad8 29.Rf2 Qd7 30.axb4 Bxb4 (  30...Rxd2 $1 { gagne rapidement. Par exemple : } 31.Rdxd2 Qd3 $1 ) 31.Qxa6  Bxd2+ 32.Kf1 Bxf4 33.Rxd6 Bxd6 34.Rd2 Qc7 35.Ke2 Qb6 36.Qa2 $2 Qb5+ $19  37.Kf3 Qh5+ 38.g4 Qxh2 39.Bf1 Qf4+ 40.Ke2 Qxe4+ 41.Kd1 Bc7 ( 41...Rb8 $1 )  42.Rxd8+ Bxd8 43.Qxa7 Qxg4+ 44.Be2 Qc8 45.Qc5 Qd7+ 46.Kc2 Qe7 47.Qh5 Bb6  48.Bc4 g6 49.Qh2 Qf8 50.Qe2 f5 $4 51.Qe5+ Qg7 52.Qe8+ 1-0

[Event "Pere Noel CEH 2017 (B)"]
[Site "Gatineau"]
[Date "2018.01.09"]
[Round "4"]
[White "Berthiaume Serge"]
[Black "Ethier Valori"]
[Result "1-0"]
[BlackElo "1411"]
[EventDate "2018.01.09"]
[WhiteElo "1455"]

1.e4 c6 2.d4 d5 3.e5 Bf5 4.Nc3 e6 5.g4 Bg6 6.h4 h6 7.Bd3 Bxd3 8.Qxd3 c5  9.dxc5 Nc6 10.Qb5 Qd7 11.Nf3 a6 12.Qb6 Be7 13.Na4 Bd8 14.Qb3 Ba5+ 15.Bd2  Bxd2+ 16.Nxd2 Qc7 17.f4 f6 18.Nb6 Rb8 19.O-O-O fxe5 20.fxe5 Nxe5 21.Rhe1 Nf6  22.Qa4+ Ke7 23.g5 hxg5 24.hxg5 Nfd7 25.Nxd7 Nxd7 26.Qd4 Rbg8 27.Nb3 g6 28.Qe3  Qc6 29.Na5 Qa4 30.Qxe6+ Kd8 31.Nxb7+ Kc7 32.Qxd5 Rh2 33.Qd6+ Kxb7 34.Qxh2  Qxa2 35.Rxd7+ Ka8 36.Qg2+ Kb8 37.Qb7# 1-0

[Event "Pere Noel CEH 2017 (B)"]
[Site "Gatineau"]
[Date "2018.01.09"]
[Round "4"]
[White "Traversy Pierre"]
[Black "Gareau Charles"]
[Result "0-1"]
[BlackElo "1293"]
[EventDate "2018.01.09"]
[WhiteElo "1208"]

1.e4 c5 2.Bc4 e6 3.Nc3 Nf6 4.d3 d5 5.Bb5+ Nc6 6.exd5 exd5  7.Bg5 d4 8.Ne4 Qa5+ 9.Qd2 Qxb5 10.Nxf6+ gxf6 11.Bxf6 Rg8 12.Qe2+ Be6 13.c4  Qb4+ 14.Kf1 Be7 15.Bxe7 Nxe7 16.a3 Qa4 17.Nf3 Bg4 18.h3 Bxf3 19.Qxf3 Qc6  20.Qe4 f5 21.Qxc6+ Nxc6 22.f4 O-O-O 23.Kf2 Rde8 24.Rae1 Re3 25.Rxe3 dxe3+  26.Kxe3 Rxg2 27.Rb1 Nd4 28.b4 Re2# 0-1

[Event "Pere Noel CEH 2017 (B)"]
[Site "Gatineau"]
[Date "2018.01.09"]
[Round "4"]
[White "Simard Paul"]
[Black "Labrie Dany"]
[Result "0-1"]
[BlackElo "1293"]
[EventDate "2018.01.09"]
[WhiteElo "1196"]

1.d4 g6 2.c4 Nf6 3.Nc3 d6 4.Nf3 Bg7 5.Bf4 Bd7 6.h3 a6 7.e3 b5 8.cxb5 c6  9.bxc6 Nxc6 10.Bc4 O-O 11.a3 Na5 12.Ba2 Qb6 13.b4 Bb5 14.bxa5 Qxa5 15.Qc1  Rac8 16.Qd2 Rxc3 17.a4 Ne4 18.axb5 Nxd2 19.Nxd2 Qxb5 20.Ne4 Rc2 21.Nd2 Rfc8  22.Kd1 Qb2 23.Ke2 Rxd2+ 24.Kf3 Rxf2+ 25.Ke4 Qc2+ 26.Kd5 Qf5+ 0-1

[Event "Pere Noel CEH 2017 (B)"]
[Site "Gatineau"]
[Date "2018.01.09"]
[Round "4"]
[White "Bourbonnais Luc"]
[Black "Chen Annie"]
[Result "1-0"]
[BlackElo "1158"]
[EventDate "2018.01.09"]
[WhiteElo "1291"]

1.e4 d6 2.d4 Nc6 3.Nf3 Nf6 4.Nc3 Bg4 5.Bc4 e6 6.h3 Bxf3 7.Qxf3 Be7 8.Bb5 a6  9.Bxc6+ bxc6 10.Bg5 Rb8 11.O-O-O d5 12.e5 h6 13.exf6 gxf6 14.Bf4 e5 15.dxe5  fxe5 16.Bxe5 Bg5+ 17.Kb1 Rf8 18.Rhe1 Be7 19.Bf6 Qc8 20.Rxe7+ Kd8 21.Rxd5+  cxd5 22.Qxd5+ Qd7 23.Qxd7# 1-0

[Event "Pere Noel CEH 2017 (B)"]
[Site "Gatineau"]
[Date "2018.01.09"]
[Round "4"]
[White "Legare Gilles"]
[Black "Raymond Robert"]
[Result "0-1"]
[BlackElo "1289"]
[EventDate "2018.01.09"]
[WhiteElo "1064"]

1.e4 e5 2.Nc3 Nf6 3.Nf3 d6 4.d3 g6 5.Be3 Bg7 6.Qd2 O-O 7.Be2 Nbd7 8.Bh6 Ng4  9.Bxg7 Kxg7 10.Ng5 Ngf6 11.Bg4 Nxg4 12.h3 Ngf6 13.h4 h6 14.Nf3 Rh8 15.Rh3 Nh5  16.O-O-O Nf4 17.Rg3 Nf6 18.Ne2 N6h5 19.Kb1 Nxg3 20.fxg3 Nxe2 21.Qxe2 Bg4  22.Rc1 c6 23.Qe3 Qe7 24.d4 Bxf3 25.gxf3 exd4 26.Qxd4+ Qe5 27.Qf2 d5 28.exd5  Qxd5 29.f4 Rhd8 30.Qe3 Re8 31.Qf2 Qe4 32.b3 Qe3 33.Qg2 Rad8 34.g4 Rd2 35.Qh1  Qxf4 36.g5 hxg5 37.a4 gxh4 38.Rf1 Rf2 39.Re1 Rxe1+ 40.Qxe1 Rf1 0-1

[Event "Pere Noel CEH 2017 (B)"]
[Site "Gatineau"]
[Date "2017.12.19"]
[Round "3"]
[White "Jobin Gilles G."]
[Black "Akrib Fouad"]
[Result "1-0"]
[BlackElo "1929"]
[EventDate "2017.12.19"]
[WhiteElo "1795"]

1.Nf3 b6 2.g3 Bb7 3.Bg2 e5 4.d3 f5 5.e4 fxe4 6.Nxe5 Nf6 7.O-O Qe7 8.Ng4 d5  9.Nxf6+ gxf6 10.Qh5+ Qf7 11.Qxf7+ Kxf7 12.dxe4 dxe4 13.Nc3 f5 14.Bf4 Bg7  15.Rad1 Re8 16.Bxc7 Rc8 17.Bf4 Bxc3 18.bxc3 Rxc3 19.Rd8 Rc8 20.Rxc8 Bxc8  21.f3 e3 22.Bxe3 Na6 23.f4 Rb8 24.Bd5+ $2 Be6 25.Bxe6+ Kxe6 26.a3 Rc8 27.Rf2  Rc3 28.Bc1 Nc5 29.Re2+ Ne4 30.g4 Rc4 31.g5 Rd4 32.Re1 Rc4 33.Re2 b5 34.Bb2 a5  35.h4 Kf7 36.h5 b4 37.g6+ $2 hxg6 38.hxg6+ Kxg6 39.Rg2+ Kh5 40.axb4 Rxb4  41.Ba3 Rb1+ 42.Kh2 a4 43.c4 Rb3 44.Be7 a3 45.Bf8 Nf6 46.Bg7 Ng4+ 47.Kh1 Rh3+  ( 47...Rb1+ $19 48.Rg1 a2 ) 48.Kg1 Ne3 49.Rg5+ Kh4 50.c5 Rg3+ 51.Kf2 Ng4+  52.Kf1 Nh2+ 53.Ke2 Rb3 $2 ( 53...Ng4 $10 ) 54.Rxf5 $2 ( 54.c6 $18 ) 54...Kg4  55.Rf8 Nf3 56.c6 Rb6 57.c7 Rc6 58.c8=Q+ Rxc8 59.Rxc8 Ng1+ 60.Ke3 Nh3 61.Be5  1-0

[Event "Pere Noel CEH 2017 (B)"]
[Site "Gatineau"]
[Date "2017.12.19"]
[Round "3"]
[White "Raymond Daniel"]
[Black "Bilodeau Victor"]
[Result "1-0"]
[BlackElo "1767"]
[EventDate "2017.12.19"]
[WhiteElo "1752"]

1.e4 c6 2.d4 d5 3.Nc3 dxe4 4.Nxe4 Bf5 5.Ng3 Bg6 6.h4 h6 7.Nf3 Nf6 8.h5 Bh7  9.Bd3 e6 10.Bxh7 Nxh7 11.Ne5 Qd5 { Coup téméraire de la part des noirs. }  12.O-O Nf6 13.c4 Qa5 14.Qf3 { Fd2 aurait été préférable. } 14...Nbd7 15.Bf4  Nxe5 { Donne un avantage aux blancs. } 16.dxe5 Nd7 17.Rfe1 Qb6 18.a3  { Coup inutile. Ce4 donnait un meilleur avantage aux blancs. } 18...Qc7  19.Rad1 O-O-O 20.b4 Nb6 21.Rxd8+ Qxd8 22.b5 c5 23.Rd1 Qc7 24.Qb3 Be7 25.Ne4  Kb8 26.Nd6 { Permet aux blancs de mettre de la pression sur les noirs. }  26...Nc8 27.Qg3 { Accentue la pression. } 27...Bf8 28.Ne8 $1 Qe7 29.Nf6  { Met la dame noire en danger en réduisant son champ d'action. } 29...Ka8 $2  { Il fallait absolument jouer Cb6 pour sauver la dame. } 30.Rd7  { Permet de capturer la dame noire. } 30...gxf6 31.Rxe7 Bxe7 32.exf6 Bxf6  33.Be5 1-0

[Event "Pere Noel CEH 2017 (B)"]
[Site "Gatineau"]
[Date "2017.12.19"]
[Round "3"]
[White "Seguin Hubert"]
[Black "Danilov Alex"]
[Result "0-1"]
[BlackElo "1680"]
[EventDate "2017.12.19"]
[WhiteElo "1588"]

1.e4 c5 2.Nc3 e6 3.g3 d5 4.exd5 exd5 5.Bg2 Nf6 6.d3 d4 7.Ne4 Nbd7 8.Qe2 Nxe4  9.Bxe4 Be7 10.f4 O-O 11.Nf3 Nf6 12.O-O Bh3 13.Re1 Re8 14.Bd2 Nxe4 15.dxe4 Bg4  16.Qd3 c4 17.Qf1 d3 18.cxd3 cxd3 19.h3 Bc5+ 20.Kg2 Bd7 21.Qxd3 Bxh3+ 0-1

[Event "Pere Noel CEH 2017 (B)"]
[Site "Gatineau"]
[Date "2017.12.19"]
[Round "3"]
[White "Solunac Sasha"]
[Black "Desjardins Michel"]
[Result "0-1"]
[BlackElo "1923"]
[EventDate "2017.12.19"]
[WhiteElo "1961"]

1.e4 d5 2.exd5 Qxd5 3.Nc3 Qd6 4.d4 Nf6 5.Nf3 c6 6.Bg5 Bf5 7.Bd3 Bxd3 8.Qxd3  Nbd7 9.O-O e6 10.Rfe1 Be7 11.Bh4 O-O 12.Bg3 Qb4 13.a3 Qb6 14.b4 Rfe8 15.Na4  Qb5 16.Nc5 Qxd3 17.Nxd3 b5 18.Nfe5 Rac8 19.a4 Nxe5 20.Bxe5 Nd5 21.axb5 cxb5  22.Rxa7 Rxc2 23.Rb7 Rd2 24.Nc5 Nxb4 25.Rxb5 Bxc5 26.dxc5 Nd3 27.Bc3 Rc2  28.Ba5 Nxe1 29.Bxe1 Rc1 30.Kf1 Rc8 0-1

[Event "Pere Noel CEH 2017 (B)"]
[Site "Gatineau"]
[Date "2017.12.19"]
[Round "3"]
[White "Solunac Stephen"]
[Black "Rioux Jocelyn"]
[Result "1-0"]
[BlackElo "1625"]
[EventDate "2017.12.19"]
[WhiteElo "1710"]

1. e4 e6 2. d3 d5 3. Nd2 c5 4. Ngf3 Nc6 5. g3 Nf6 6. Bg2 Be7 7. O-O O-O 8.  Re1 d4 9. e5 Nd5 10. Nf1 h6 11. h4 b5 12. N1h2 Re8 13. h5 Bb7 14. Ng4 Bf8 15.  Nh4 Qa5 16. Qe2 Ncb4 17. Bxh6 gxh6 18. a3 Nxc2 19. Qxc2 Rec8 20. Qc1 Kh7 21.  Be4+ Kh8 22. Nxh6 Qc7 23. Qg5 Bxh6 24. Qxh6+ Kg8 25. Bh7+ Kh8 26. Re4 f6 27.  Ng6# 1-0

[Event "Pere Noel CEH 2017 (B)"]
[Site "Gatineau"]
[Date "2017.12.19"]
[Round "3"]
[White "Lecorre Joel"]
[Black "Bourbonnais Luc"]
[Result "1-0"]
[BlackElo "1296"]
[EventDate "2017.12.19"]
[WhiteElo "1487"]

1.e4 d6 2.d4 Nf6 3.Bd3 Nbd7 4.Nf3 e5 5.c3 Be7 6.Nbd2 c6 7.Qe2 O-O 8.O-O Re8  9.dxe5 dxe5 10.Nc4 Bf8 11.Bg5 h6 12.Bh4 b5 13.Ne3 Nb6 14.Rfd1 Qe7 15.Bc2 Bd7  16.b3 Rad8 17.Rd2 Bc8 18.Rad1 Rxd2 19.Rxd2 Rd8 20.Rxd8 Qxd8 21.Nxe5 Qd6  22.Bg3 Qc7 23.N5g4 Qd8 24.Nxf6+ Qxf6 25.e5 Qd8 26.f4 Be7 27.Nf5 Bc5+ 28.Bf2  Bxf2+ 29.Kxf2 Bxf5 30.Bxf5 Qh4+ 31.Kf3 g6 32.g3 Qd8 33.Be4 Nd5 34.Qd3 Qd7  35.f5 gxf5 36.Bxf5 Qe7 37.c4 Nc7 38.Qd6 Qg5 39.g4 Qc1 40.Qd8+ Ne8 41.Qxe8+  Kg7 42.Qd8 Qf1+ 43.Ke3 Qe1+ 44.Kd4 Qd1+ 45.Bd3 Qxg4+ 46.Kc5 Qg1+ 47.Kxc6 Qg2+  48.Qd5 Qf2 49.Kxb5 Qb6+ 50.Ka4 Qa6+ 51.Qa5 Qc6+ 52.Qb5 Qg2 53.a3 Qxh2 54.c5  Qxe5 55.c6 Qd4+ 56.Bc4 Qd6 57.Qb7 h5 58.Qxf7+ Kh6 59.Qe6+ 1-0

[Event "Pere Noel CEH 2017 (B)"]
[Site "Gatineau"]
[Date "2017.12.19"]
[Round "3"]
[White "Yuan Eric"]
[Black "Legare Gilles"]
[Result "0-1"]
[BlackElo "1064"]
[EventDate "2017.12.19"]
[WhiteElo "964"]

1.e4 c5 2.Nc3 Nc6 3.Bc4 e6 4.Nf3 Nf6 5.e5 Ng4 6.Qe2 Nd4 7.Nxd4 cxd4 8.Qxg4  dxc3 9.dxc3 Qc7 10.Qe2 Qc6 11.O-O Bc5 12.Qg4 b5 13.Qxg7 Rf8 14.Bd3 Bb7  15.Bxh7 O-O-O 16.Bd3 Rg8 17.Bxb5 Qxb5 18.Qxf7 Rxg2+ 19.Kh1 Qxf1# 0-1

[Event "Pere Noel CEH 2017 (B)"]
[Site "Gatineau"]
[Date "2017.12.19"]
[Round "3"]
[White "Ethier Valori"]
[Black "Simard Paul"]
[Result "1/2-1/2"]
[BlackElo "1196"]
[EventDate "2017.12.19"]
[WhiteElo "1411"]

{ C24: Début du Fou (défense berlinoise) } 1.e4 e5 2.Bc4 Nf6 3.d3 Be7  { dernier coup de la bibliothèque } 4.f4  { Les Blancs menacent un gain matériel: f4xe5 } 4...Nc6 5.a3 { Consolide b4 }  ( 5.Nf3 $142 $5 { doit définitivement être considéré. } 5...exf4 6.Nc3 $11 )  5...d5 $17 6.exd5 Nxd5 7.fxe5 Nxe5 8.Ba2 $2 ( 8.Nf3 $142 $5  { maintient les Blancs dans la partie. } 8...Bg4 9.Qe2 Nxf3+ 10.gxf3 $17 )  8...O-O $17 9.Nf3 Nxf3+ ( 9...Bh4+ $142 $5 10.Kf1 Bg4 $19 ) 10.Qxf3 $15 c6  { Contrôle d5 } 11.O-O { Les Blancs roquent et améliore la sécurité du Roi }  11...Bc5+ 12.Kh1 a6 13.Bxd5 Qxd5 14.Nc3 Qxf3 15.Rxf3 Re8  { Les Noirs menacent mat } 16.Bd2 Bd4 17.Raf1 Be6 18.Nd1 $2 ( 18.Be3 Be5  19.Re1 f5 $15 ) 18...Bg4 { Les Noirs menacent un gain matériel: Fg4xf3 } (  18...Bd5 $142 $5 19.Re3 Bxe3 20.Nxe3 b5 $17 ) 19.Rf4 $15 Bxd1 20.Rxd1 (  20.Rxd4 $5 { est digne de considération. } 20...Bxc2 21.Rd7 $15 ) 20...Bxb2  $17 21.Rb4 Bxa3 22.Rxb7 Re2 23.Rb3 ( 23.Rb6 $5 $17 ) 23...Rae8 ( 23...Be7  24.Rb2 $19 ) 24.Rxa3 Rxd2 $1 { Dégager: e2 } 25.Rg1 ( 25.Rxd2 Re1#  { Attaque de mat Dégager } ) ( 25.-- $140 Rxd1# { Menace de mat } ) 25...Rde2  ( 25...Rxc2 26.Rxa6 h5 27.h4 $19 ) 26.Rxa6 ( 26.c4 $142 $15 ) 26...Re1 $4  { donne un contre-jeu à l'adversaire. } ( 26...Rxc2 $142  { avec d'excellentes chances pour les Noirs. } 27.Raa1 h6 $17 ) 27.Rxc6 $14  f5 ( 27...R1e2 28.c3 $14 ) 28.g3 ( 28.d4 R8e6 29.Rxe6 Rxe6 $16 ) 28...R1e2  29.Rc5 ( 29.h4 R8e3 30.Rg2 Re1+ 31.Kh2 Rf1 $14 ) 29...g6 ( 29...Rf2 30.Rb1  $11 ) 30.Rf1 ( 30.Rc7 $5 $14 { semble avoir du mérite. } ) 30...Rd2 $11  31.Rc7 Ree2 { Les Noirs menacent mat } 32.Rb1 Rxh2+ 33.Kg1  { Les Blancs menacent mat } 33...Rhg2+ 34.Kh1 1/2-1/2

[Event "Pere Noel CEH 2017 (B)"]
[Site "Gatineau"]
[Date "2017.12.19"]
[Round "3"]
[White "Sabourin Yves"]
[Black "Berthiaume Serge"]
[Result "1-0"]
[BlackElo "1455"]
[EventDate "2017.12.19"]
[WhiteElo "1485"]

1.e4 c5 2.c3 Nf6 3.e5 Nd5 4.d4 cxd4 5.cxd4 e6 6.Bc4 Nb6 7.Bb3 Nc6 8.Nf3 d5  9.Bd2 Be7 10.Nc3 O-O 11.O-O f6 12.Ne2 fxe5 13.dxe5 Nd7 14.Bf4 Nc5 15.Bc2 b6  16.Qb1 $4 h6 $2 ( 16...Ba6 $3 $19 { Un coup pas très facile à trouver. }  17.Re1 Bxe2 18.Rxe2 Rxf4 19.Bxh7+ Kh8 20.Qg6 Qe8 ) 17.Bg3 Ba6 18.Re1 Nb4  19.Bh7+ Kh8 20.a3 Bd3 $4 ( 20...Nbd3 $13 ) 21.Bxd3 Nbxd3 22.Rd1  { Le Cavalier est coincé. } 22...Rc8 23.b4 Nxf2 24.Bxf2 Ne4 25.Rc1 Nxf2  26.Kxf2 Rc7 27.Nd4 Rxc1 28.Qxc1 Bg5 29.Qc6 Qc8 30.Qxe6 Qxe6 31.Nxe6 Rf5  32.Nxg5 hxg5 33.Kg3 Rf4 34.Rd1 Rc4 35.Rxd5 Rc3 36.a4 Ra3 37.a5 Rb3 38.axb6  axb6 39.Rb5 Kg8 40.Rxb6 1-0

[Event "Pere Noel CEH 2017 (B)"]
[Site "Gatineau"]
[Date "2017.12.19"]
[Round "3"]
[White "Masse-Garneau Anthony"]
[Black "Raymond Robert"]
[Result "1-0"]
[BlackElo "1289"]
[EventDate "2017.12.19"]
[WhiteElo "1442"]

1.Nf3 e6 2.d4 d5 3.g3 Nf6 4.Bg2 Nbd7 5.O-O Be7 6.Nbd2 O-O 7.Re1  Rb8 8.c4 c5 9.cxd5 Nxd5 10.dxc5 Bxc5 11.Nb3 Bd6 12.e4 Bb4 13.exd5 Bxe1  14.Nxe1 Nf6 15.Bf4 Ra8 16.dxe6 Qxd1 17.Rxd1 fxe6 18.Nc5 Nd5 19.Bxd5 exd5  20.Rxd5 Re8 21.Ned3 b6 22.Nd7 Bb7 23.Rg5 Re6 24.Bb8 Bc6 25.N3e5 Bb7 26.Rf5  Re8 27.Rf4 Rc8 28.f3 ( 28.Nf6+ gxf6 29.Rg4+ Kf8 30.Bd6+ Ke8 31.Rg8# )  28...Re8 29.Rc4 Bc8 30.Rc7 Bxd7 31.Nxd7 Re1+ 32.Kf2 Rb1 33.Rc8+ Kf7 34.Ne5+  Ke6 35.Re8+ Kf6 36.Nd7+ Kf7 37.Re2 a5 38.Bf4 b5 39.Ne5+ Kf6 40.Nd3 Kf7 41.Bc1  Rd8 42.Ne5+ Kf6 43.Bg5+ Kxg5 44.Nf7+ Kg6 45.Nxd8 Rc1 1-0

[Event "Pere Noel CEH 2017 (B)"]
[Site "Gatineau"]
[Date "2017.12.12"]
[Round "2"]
[White "Akrib Fouad"]
[Black "Solunac Stephen"]
[Result "1-0"]
[BlackElo "1710"]
[EventDate "2017.12.12"]
[WhiteElo "1929"]

1. e4 Nf6 2. d3 c5 3. Nf3 d6 4. g3 Nc6 5. Bg2 g6 6. O-O Bg7 7. c3 O-O 8. a4  e5 9. Nbd2 h6 10. Nh4 g5 11. Nf5 Bxf5 12. exf5 Qd7 13. Ne4 Rad8 14. Nxf6+  Bxf6 15. Qh5 Qxf5 16. Be4 Qe6 17. Qxh6 Rfe8 18. Bh7+ Kh8 19. Bf5+ 1-0

[Event "Pere Noel CEH 2017 (B)"]
[Site "Gatineau"]
[Date "2017.12.12"]
[Round "2"]
[White "Danilov Alex"]
[Black "Guimond Michel"]
[Result "0-1"]
[BlackElo "1904"]
[EventDate "2017.12.12"]
[WhiteElo "1680"]

1. Nf3 d6 2. c4 e5 3. d4 Nd7 4. e4 g6 5. Be2 Bg7 6. Nc3 Nh6 7. O-O O-O 8.  Rb1  f6 9. Bd2 ({Instantat Rybka:} 9. h3 Nf7 10. Be3 exd4 11. Nxd4 Re8 12. Qc2 c6  13. a3 Nc5 14. b4 Nxe4 15. Nxe4 f5 16. Ng3 f4 17. Bxf4 Bxd4 18. Qd2 Bg7 19.  b5)  (9. d5 {Michel's idea to close the positon for now is much better than what  I  played. Instant Ryka give a tiny  (0.4) plus/= to White here and on the next  few moves.}) (9. Be3 {Rybka develops first, of course.} Nf7 (9... Ng4 10.  Bd2))  9... Nf7 10. b4 (10. d5) 10... f5 11. c5 $17 {another bad move.} (11. exf5  gxf5  12. Be3 f4 (12... a5 13. b5 f4 14. Bc1) 13. Bc1) (11. d5) 11... exd4 12. Nb5  dxc5 13. exf5 {with this move I overestimated badly the resulting  activity  of  my pieces.} Nde5 14. Nxe5 Nxe5 15. f4 $2 {this is bad mostly because I  failed  to "see" Blacks next:} ({But even the better} 15. fxg6 {gives Black a better  game.} hxg6 16. bxc5 Be6 17. f4 d3 18. fxe5 dxe2 19. Qxe2 Rxf1+ 20. Rxf1 a6  21.  Na3 {: Rybka}) 15... d3 {Naturelement.} 16. fxe5 dxe2 17. Qxe2 Bxf5 {Blacck  is  winning: Rybka.} 18. Rb3 a6 19. Qc4+ Kh8 20. Ra3 {Black has lost all control  of his hands but they keep on playing anyway:} axb5 21. Rxa8 bxc4 22. Rxd8  Rxd8  {0-1. Even the hands give up now. Cool play by Michel.  } 0-1

[Event "Pere Noel CEH 2017 (B)"]
[Site "Gatineau"]
[Date "2017.12.12"]
[Round "2"]
[White "Rioux Jocelyn"]
[Black "Raymond Daniel"]
[Result "0-1"]
[BlackElo "1752"]
[EventDate "2017.12.12"]
[WhiteElo "1625"]

1. e4 c5 2. Nf3 d6 3. d4 cxd4 4. Nxd4 Nf6 5. Nc3 g6 6. Bg5 Bg7 7. Bc4 O-O 8.  Qd2 Nc6 9. Nxc6 bxc6 10. Bh6 Rb8 11. Bxg7 Kxg7 12. b3 Be6 13. Bxe6 fxe6 14.  O-O e5 15. f3 Qa5 16. Rad1 Rbd8 17. Kh1 Ne8 18. Ne2 Qxd2 19. Rxd2 d5 20. exd5  cxd5 21. Ng3 Nc7 22. Rfd1 Rd6 23. c4 dxc4 24. Rxd6 exd6 25. bxc4 Rd8 26. Ne4  Ne8 27. Rd5 Rb8 28. Rb5? {Donne un avantage aux noirs avec les deux pions au  centre.} 28... Rxb5 29. cxb5 d5 30. Nc3 d4 31. Ne4 Nc7 32. a4 Kf7 33. Kg1 Ke7  34. Kf1 Nd5 35. Ke1 h6 36. h4 Ne3 37. Kf2 Nc4 38. g4 Ke6 39. Nc5+ Kd5 40. Nd3  Nb6 41. Nb4+ Kc4 {Le roi noir s'active rapidement.} 42. Nc6 Kc3 {Il fallait  tout de suite jouer d3.} 43. Nxe5 d3 44. Nxd3 Kxd3 45. a5 Nc4 46. a6 Kd4 47.  Ke2 Kc5 48. f4 Nd6 49. h5 gxh5 50. g5 hxg5 51. fxg5 Kxb5 52. Kf3 Ne8 53. Kg3  Kxa6 54. Kh4 Ng7 55. g6 Kb6 56. Kg5 Kc6 {Ce8 gagnait plus rapidement.} 57.  Kf6 Ne8+ 58. Ke7 Ng7 59. Kf6 h4 60. Kxg7 h3 61. Kf7? {L'erreur qui vient  confirmer le gain des noirs.} 61... h2 62. g7 h1=Q 63. g8=Q Qd5+ 0-1

[Event "Pere Noel CEH 2017 (B)"]
[Site "Gatineau"]
[Date "2017.12.12"]
[Round "2"]
[White "Jobin Gilles G."]
[Black "Solunac Sasha"]
[Result "1/2-1/2"]
[BlackElo "1961"]
[EventDate "2017.12.12"]
[WhiteElo "1795"]

1.e4 e5 2.Nf3 Nf6 3.Nc3 Nc6 4.d4 exd4 5.Nxd4 Bb4 6.Nxc6 bxc6  7.Bd2 Bxc3 8.Bxc3 Nxe4 9.Bxg7 Rg8 10.Qe2 ( 10.Qd4  { est suggéré par Stockfish : } 10...Qe7 11.Be5  { Ici, je n'aimais vraiment pas : } 11...f6  { mais Stockfish ne panique pas et joue simplement : } 12.Bf4 { et sur }  12...Ng3+ 13.Kd2  { avec un certain avantage aux Blancs nous dit le fameux moteur. } ) 10...Qe7  11.f3 Nc5 12.Qxe7+ Kxe7 13.Bd4 Ne6 14.Be3 a5 15.Kf2 Ba6 16.Bxa6 Rxa6 17.a4  Rb8 18.b3 c5 19.Rhe1 $10 c4 20.Rab1 cxb3 21.Rxb3 Rxb3 22.cxb3 Rc6 23.Bd2 Rc2  24.Re2 1/2-1/2

[Event "Pere Noel CEH 2017 (B)"]
[Site "Gatineau"]
[Date "2017.12.12"]
[Round "2"]
[White "Desjardins Michel"]
[Black "Bilodeau Victor"]
[Result "1-0"]
[BlackElo "1767"]
[EventDate "2017.12.12"]
[WhiteElo "1923"]

1.e4 c6 2.d4 d5 3.exd5 cxd5 4.Bd3 Nc6 5.c3 Nf6 6.Bf4 e6 7.Nf3 Be7 8.O-O  O-O 9.Re1 Re8 10.Nbd2 Nh5 11.Be3 Qc7 12.Ne5 Nxe5 13.dxe5 g6 14.Nf3 a6 15.  Bd2 b5 16.Ng5 Qd8 17.Qg4 f5 18.exf6 Bxf6 19.Nxh7 Re7 20.Qxg6+ Rg7 21.Qxh5  Be7 22.Re5 Bd7 23.Bg5 Be8 24.Qh6 Qd6 25.Rxe6 Bxg5 26.Nxg5 Qf4 27.Rae1 Qxg5  28.Rxe8+ Rxe8 29.Rxe8+ Kf7 30.Qe6# 1-0

[Event "Pere Noel CEH 2017 (B)"]
[Site "Gatineau"]
[Date "2017.12.12"]
[Round "2"]
[White "Iyamuremye Gervais"]
[Black "Berthiaume Serge"]
[Result "0-1"]
[BlackElo "1455"]
[EventDate "2017.12.12"]
[WhiteElo "1492"]

1.e4 c5 2.Nf3 Nc6 3.Nc3 d6 4.h3 g6 5.Bc4 Bg7 6.O-O Na5 7.Bb5+ Bd7  8.Qe2 a6 9.Bxd7+ Qxd7 10.d3 Nc6 11.Bf4 e5 12.Bg5 Nge7 13.a3 h6 14.Bxe7 Nxe7  15.Nd5 Nxd5 16.exd5 O-O 17.c4 Rae8 18.Qc2 b5 19.Rae1 bxc4 20.dxc4 a5 21.Nd2  Re7 22.Ne4 f5 23.Nc3 e4 24.Nb5 Be5 25.Qd2 Kh7 26.b3 Qd8 27.f3 exf3 28.Rxf3  Rfe8 29.Kf1 Rf7 30.b4 axb4 31.axb4 cxb4 32.Qxb4 Qb6 33.Rb3 Rfe7 34.Na3 Qd4  35.Rf3 Bh2 36.Rxe7+ Rxe7 37.Rf2 Qd3+ 0-1

[Event "Pere Noel CEH 2017 (B)"]
[Site "Gatineau"]
[Date "2017.12.12"]
[Round "2"]
[White "Traversy Pierre"]
[Black "Sabourin Yves"]
[Result "0-1"]
[BlackElo "1485"]
[EventDate "2017.12.12"]
[WhiteElo "1208"]

1. d4 Nf6 2. c4 g6 3. Nf3 Bg7 4. Nc3 d5 5. e3 O-O 6. cxd5 Nxd5 7. Qc2 e6 8. a3  b6 9. Bd2 Bb7 10. Be2 Nd7 11. O-O c5 12. Nxd5 Bxd5 13. Bc3 Rc8 14. Qd1 Bxf3 15.  Bxf3 Qc7 16. Rc1 e5 17. dxe5 Nxe5 18. Be2 Rcd8 19. Qc2 Rd6 20. Rcd1 Rfd8 21.  Rxd6 Rxd6 22. Rd1 Qd7 23. Rxd6 Qxd6 24. b3 Nc6 25. Bxg7 Kxg7 (25... Kxg7 26. f4  Qf6 27. Qe4 ) 26. f4 Qe6 27. Qd3 Na5 (27... Na5 28. b4  cxb4 29. axb4) 28. Bd1 c4 29. Qd4+ Qf6 30. Qd5 Qc3 31.  bxc4 $4 Qe1# 0-1